Temes de biblioteconomia / per Jaume Bover ... [et al.]
ISBN:
84-505-2235-8
Descripción Física:
45 p. ; 21 cm
Otros Autores:
Bover, Jaume
Materias:
Biblioteconomia
MARC
| LEADER | 00000nam a2200000Ia 4500 | ||
|---|---|---|---|
| 001 | 9237 | ||
| 003 | BGR | ||
| 005 | 20260324175319.0 | ||
| 008 | 160829s1985 xx 000 0 cat d | ||
| 020 | |a 84-505-2235-8 | ||
| 080 | |a FU-10-11 | ||
| 245 | |a Temes de biblioteconomia / per Jaume Bover ... [et al.] | ||
| 260 | |a Palma de Mallorca : |b Govern Balear, Direcció General de Cultura, |c 1985 | ||
| 300 | |a 45 p. ; |c 21 cm | ||
| 650 | |a Biblioteconomia |9 37425 | ||
| 700 | |a Bover, Jaume |9 26499 | ||
| 710 | 1 | |a Balears (Comunitat autònoma) |b Direcció General de Cultura |9 70564 | |
| 901 | |a Arxiu | ||
| 942 | |n 1 |2 udc |c MON | ||
| 952 | |0 0 |1 0 |4 0 |6 FU1011 |7 1 |9 44004 |a Arxiu |b Arxiu |d 2016-12-01 |l 0 |o FU-10-11 |p 9237 |r 2016-12-01 00:00:00 |w 2016-12-01 |y ARXIU | ||
| 999 | |c 46584 |d 46584 | ||